मानव जगत के रोचक रहस्य/ (Record no. 197938)

MARC details
000 -LEADER
fixed length control field 00714nam a22001937a 4500
001 - CONTROL NUMBER
control field HIN-125851
003 - CONTROL NUMBER IDENTIFIER
control field dpl
005 - DATE AND TIME OF LATEST TRANSACTION
control field 20230911173630.0
008 - FIXED-LENGTH DATA ELEMENTS--GENERAL INFORMATION
fixed length control field 230906b |||||||| |||| 00| 0 eng d
010 ## - LIBRARY OF CONGRESS CONTROL NUMBER
LC control number HN-98197
020 ## - INTERNATIONAL STANDARD BOOK NUMBER
International Standard Book Number 9788188364190
040 ## - CATALOGING SOURCE
Transcribing agency DBAD/PUB
082 ## - DEWEY DECIMAL CLASSIFICATION NUMBER
Edition number
Classification number 570
100 ## - MAIN ENTRY--PERSONAL NAME
Personal name मोहन, कृष्ण
9 (RLIN) 56005
245 ## - TITLE STATEMENT
Title मानव जगत के रोचक रहस्य/
Medium हिंदी
260 ## - PUBLICATION, DISTRIBUTION, ETC. (IMPRINT)
Place of publication, distribution, etc 950/25, चिन्योट कॉलोनी, रोहतक-124001
Name of publisher, distributor, etc मानसीं साहित्य संस्थान
Date of publication, distribution, etc 2012
300 ## - PHYSICAL DESCRIPTION
Extent 80 प.
Dimensions 25 सेमी (सजिल्द)
942 ## - ADDED ENTRY ELEMENTS (KOHA)
Source of classification or shelving scheme Dewey Decimal Classification
Koha item type Hindi Books
Classification part 570
Call number suffix मोहन
Holdings
Withdrawn status Lost status Source of classification or shelving scheme Damaged status Not for loan Collection code Home library Current library Date acquired Cost, normal purchase price Total Checkouts Full call number Barcode Date last seen Copy number Cost, replacement price Price effective from Koha item type
    Dewey Decimal Classification     Non-fiction Central Jail Tihar Central Jail Tihar 06/09/2023 200.00   570 मोहन HN-98197 06/09/2023 1 200.00 06/09/2023 Hindi Books

© Delhi Public Library
Hit Counter
free hit counter